000 00503nam a2200181 a 4500
001 BRCA_656
005 20190320203110.0
008 100408s1974----us-a---###---#000-0#eng-#
020 _a0307431185
050 4 _aTS542
_b.T95 1974
100 1 _aTyler, E.J.
_92193
245 1 0 _aClocks and Watches.
260 _aNueva York
_bGolden
_c1974
300 _a80 p.
_bil. (algunas a color), fotografías
_c29 cm.
440 0 _aGolden Highlights Library
_92194
650 1 4 _aRelojes
_xHistoria
_92195
942 _2lcc
_cB
999 _c569
_d569